U.S. States by Coastline - Statistics

General Stats
  • This quiz has been taken 20 times
  • The average score is 26 of 30
Answer Stats
Length (mi) Body of Water Answer % Correct
33,904 Pacific, Arctic Alaska
100%
8,436 Altantic, Gulf of Mexico Florida
100%
3,427 Pacific California
94%
1,052 Pacific Hawaii
94%
7,721 Gulf of Mexico Louisiana
94%
3,478 Atlantic Maine
94%
3,375 Atlantic North Carolina
94%
1,410 Pacific Oregon
94%
3,026 Pacific Washington
94%
820 Great Lakes Wisconsin
94%
607 Gulf of Mexico Alabama
88%
618 Atlantic Connecticut
88%
63 Great Lakes Illinois
88%
45 Great Lakes Indiana
88%
3,224 Great Lakes Michigan
88%
189 Great Lakes Minnesota
88%
359 Gulf of Mexico Mississippi
88%
2,625 Atlantic, Great Lakes New York
88%
384 Atlantic Rhode Island
88%
3,359 Gulf of Mexico Texas
88%
3,315 Atlantic Virginia
88%
381 Atlantic Delaware
82%
3,190 Atlantic Maryland
82%
131 Atlantic New Hampshire
82%
312 Great Lakes Ohio
82%
140 Great Lakes Pennsylvania
82%
2,344 Atlantic Georgia
76%
1,519 Atlantic Massachusetts
76%
1,792 Atlantic New Jersey
76%
2,876 Atlantic South Carolina
76%
No matching quizzes found
Score Distribution
Percent of People with Each Score
Percentile by Number Answered
Your Score History
You have not taken this quiz